Mots par définition #6 - Formes géométriques - Statistiques

Statistiques générales
  • Ce quiz a été pris 345 fois
  • Le résultat moyen est 10 sur 15
Statistiques - réponses
Genre Définition Forme géométrique % Correct
Nom Masculin Quadrilatère ayant quatre côtés égaux et quatre angles droits. Carré
100%
Nom Masculin Polygone qui a trois côtés ; intérieur de ce polygone. Triangle
90%
Nom Masculin Courbe plane fermée dont tous les points sont à égale distance d'un point intérieur appelé centre. Cercle
88%
Nom Masculin Polygone qui a huit angles, et donc huit côtés. Octogone
88%
Nom Masculin Polygone qui a six angles et, par conséquent, six côtés. Hexagone
85%
Nom Masculin Quadrilatère dont les côtés ont tous la même longueur (ses diagonales, perpendiculaires entre elles, sont ses axes de symétrie). Losange
81%
Nom Masculin Polygone qui a cinq angles, et donc cinq côtés. Pentagone
79%
Nom Masculin Polygone qui a 10 angles et, par conséquent, 10 côtés. Décagone
78%
Nom Masculin Polygone qui a sept angles et, par conséquent, sept côtés. Heptagone
68%
Nom Masculin Parallélépipède rectangle dont les 6 faces sont isométriques, ainsi que les 12 arêtes (il a 8 sommets). Cube
62%
Nom Féminin Polyèdre formé d'un polygone convexe plan (appelé base) et de tous les triangles ayant respectivement pour base les côtés du polygone et un sommet commun. Pyramide
57%
Nom Masculin Quadrilatère, le plus souvent convexe, tel que deux côtés opposés (appelés bases) ont leurs supports parallèles. Trapèze
50%
Nom Masculin Courbe plane fermée convexe, possédant deux axes de symétrie orthogonaux. Ovale
48%
Nom Féminin Ensemble des points intérieurs à une sphère. Boule
30%
Nom Masculin Surface engendrée par la révolution d'un cercle autour d'une droite, non diamétrale, de son plan. Solide limité par la surface précédente. Tore
15%
Aucun quiz correspondant
Distribution des résultats
% des personnes avec chaque résultat
Percentile par nombre de réponses
Votre historique - résultats
Vous n’avez pas pris ce quiz